000 00561nam a22002177a 4500
003 UA-OsUOA
001 58401
007 ta
008 20090210b un ||||| |||| 00| 0 ukr d
100 _aКостюченко О.
090 _a908
_bК72
942 _cSA
040 _aUA-OsUOA
_bukr
_cUA-OsUOA
_dUA-OsUOA
245 _aУкраїнський національний рух: історія та сучасність
300 _aС.3
955 _a0
041 _aukr
080 _a908
773 0 _w58400
650 7 _a908 Краєзнавство
_2UDC
999 _c344481
_d344481